Physical activity guidelines for Americans and a review of scientific literature used (Record no. 60245)
[ view plain ]
| 000 -LEADER | |
|---|---|
| fixed length control field | 01704nam a2200349 a 4500 |
| 082 04 - DEWEY DECIMAL CLASSIFICATION NUMBER | |
| Classification number | 613.70973 |
| 245 00 - TITLE STATEMENT | |
| Title | Physical activity guidelines for Americans and a review of scientific literature used |
| 260 ## - PUBLICATION, DISTRIBUTION, ETC. (IMPRINT) | |
| Place of publication | Hauppauge, N.Y. : |
| Name of publisher | Nova Science Publishers, |
| Year of publication | c2011. |
| 300 ## - PHYSICAL DESCRIPTION | |
| Number of Pages | viii, 105 p. : |
| Other physical details | col. ill. |
| 490 1# - SERIES STATEMENT | |
| Series statement | Public health in the 21st century |
| 505 0# - FORMATTED CONTENTS NOTE | |
| Formatted contents note | Introducing the 2008 physical activity guidelines for Americans -- Physical activity has many health benefits -- Active children and adolescents -- Active adults -- Active older adults -- Safe and active -- Additional considerations for some adults -- Taking action : increasing physical activity levels of Americans. |
| 650 #0 - SUBJECT ADDED ENTRY--TOPICAL TERM | |
| Topical Term | Exercise |
| 700 1# - ADDED ENTRY--PERSONAL NAME | |
| Personal name | Cowell, Hailey A. |
| 856 40 - ELECTRONIC LOCATION AND ACCESS | |
| Uniform Resource Identifier | http://site.ebrary.com/lib/rucke/Doc?id=10680838 |
No items available.
